Online
Catalog

Applied sciences and development : (Record no. 39470)

MARC details
000 -CABECERA
campo de control de longitud fija 00645nam a2200169 a 4500
001 - NÚMERO DE CONTROL
campo de control 000039980
005 - FECHA Y HORA DE LA ÚLTIMA TRANSACCIÓN
campo de control 20201002033838.0
008 - DATOS DE LONGITUD FIJA--INFORMACIÓN GENERAL
campo de control de longitud fija 130801s1974 gr ab 000 0 spa d
040 ## - FUENTE DE LA CATALOGACIÓN
Centro catalogador/agencia de origen DO-SdBNP
Lengua de catalogación spa
Centro/agencia transcriptor BNPHU
082 ## - NÚMERO DE LA CLASIFICACIÓN DECIMAL DEWEY
Número de clasificación xxx
Número de documento/Ítem xxx
245 00 - MENCIÓN DE TÍTULO
Título Applied sciences and development :
Resto del título a biannual collection of recent German contributions concerning development through applied sciences.
260 ## - PUBLICACIÓN, DISTRIBUCIÓN, ETC.
Lugar de publicación, distribución, etc. Germany :
Nombre del editor, distribuidor, etc. Institute for Scientific Co-Operation,
Fecha de publicación, distribución, etc. 1974.
300 ## - DESCRIPCIÓN FÍSICA
Extensión 3 v. :
Otras características físicas ill, maps ;
Dimensiones 24 cm.
490 1# - MENCIÓN DE SERIE
Mención de serie Institute for scientific co-operation
504 ## - NOTA DE BIBLIOGRAFÍA, ETC.
Nota de bibliografía, etc. Bibliography : p. 153
830 #0 - PUNTO DE ACCESO ADICIONAL DE SERIE-TÍTULO UNIFORME
Título uniforme Institute for scientific co-operation
9 (RLIN) 66203
Holdings
Estado de retiro Estado de pérdida Restricciones de uso No para préstamo Código de colección Localización permanente Ubicación/localización actual Ubicación en estantería Fecha de adquisición Número de inventario Total de préstamos Signatura topográfica completa Código de barras Fecha visto por última vez Precio válido a partir de Tipo de ítem Koha
      Excluido de préstamo Monografías: Libros y Folletos General General En catalogación 01.08.2013 LF1   xxx xxx 39980-10 25.06.2020 25.06.2020 No se presta

Powered by Koha